European Capitals by Satellite Image - Statistics

General Stats
  • This quiz has been taken 28 times
  • The average score is 26 of 45
Answer Stats
Picture Answer % Correct
Monaco
94%
Athens
89%
Reykjavik
89%
London
83%
Oslo
83%
Andorra La Vella
78%
Copenhagen
78%
Paris
78%
Dublin
72%
Moscow
72%
Prague
72%
Tallinn
72%
Amsterdam
67%
Belgrade
67%
Berlin
67%
Bratislava
67%
Lisbon
67%
Rome/Vatican City
67%
Stockholm
67%
Valletta
67%
Vienna
67%
Budapest
61%
Madrid
61%
San Marino
61%
Vaduz
61%
Helsinki
56%
Sarajevo
56%
Warsaw
56%
Bern
50%
Luxembourg
50%
Podgorica
50%
Zagreb
50%
Ljubljana
44%
Minsk
44%
Skopje
44%
Sofia
44%
Chisinau
39%
Kyiv
39%
Brussels
33%
Bucharest
33%
Riga
33%
Tirana
33%
Vilnius
33%
Pristina
28%
Nicosia
11%
No matching quizzes found
Score Distribution
Percent of People with Each Score
Percentile by Number Answered
Your Score History
You have not taken this quiz